Govt. of
Madhya Pradesh

Visual Rhapsody (Record no. 16619)

MARC details
000 -LEADER
fixed length control field 004660000a22001930004500
001 - CONTROL NUMBER
control field 004732
003 - CONTROL NUMBER IDENTIFIER
control field MACL
005 - DATE AND TIME OF LATEST TRANSACTION
control field 20150825164831.0
008 - FIXED-LENGTH DATA ELEMENTS--GENERAL INFORMATION
fixed length control field 150825b xxu||||| |||| 00| 0 eng d
040 ## - CATALOGING SOURCE
Original cataloging agency MACL
Transcribing agency MACL
041 ## - LANGUAGE CODE
Language code of text/sound track or separate title English
082 ## - DEWEY DECIMAL CLASSIFICATION NUMBER
Classification number 700/CHA
100 ## - MAIN ENTRY--PERSONAL NAME
Personal name Ghosh, Sankha
9 (RLIN) 7474
245 ## - TITLE STATEMENT
Title Visual Rhapsody
Statement of responsibility, etc. Sankha Ghosh
260 ## - PUBLICATION, DISTRIBUTION, ETC. (IMPRINT)
Place of publication, distribution, etc. New Delhi
Date of publication, distribution, etc. 2002
Name of publisher, distributor, etc. Niyogi Offset Publishing,
350 ## - PRICE (NR) (BK AM CF MU VM SE) [OBSOLETE]
Price 4500
650 ## - SUBJECT ADDED ENTRY--TOPICAL TERM
Topical term or geographic name as entry element Arts
9 (RLIN) 7475
942 ## - ADDED ENTRY ELEMENTS (KOHA)
Call number prefix 700
Koha item type Books
Source of classification or shelving scheme
Holdings
Withdrawn status Lost status Source of classification or shelving scheme Damaged status Not for loan Home library Current library Date acquired Cost, normal purchase price Total Checkouts Full call number Barcode Date last seen Uniform Resource Identifier Price effective from Koha item type
          MACL MACL 15/04/2015 4500.00   700/CHA CRE019140 02/05/2024 16527 15/04/2015 Books